| 000 -LEADER |
| fixed length control field |
01422cam a22002057a 4500 |
| 020 ## - INTERNATIONAL STANDARD BOOK NUMBER |
| ISBN |
9780470402368 |
| 082 04 - DEWEY DECIMAL CLASSIFICATION NUMBER |
| Classification number |
541.369 |
| 100 1# - MAIN ENTRY--AUTHOR NAME |
| Personal name |
Weinhold, Frank, |
| 245 10 - TITLE STATEMENT |
| Title |
Classical and geometrical theory of chemical and phase thermodynamics / |
| 260 ## - PUBLICATION, DISTRIBUTION, ETC. (IMPRINT) |
| Place of publication |
Hoboken, N.J. : |
| Name of publisher |
Wiley, |
| Year of publication |
2009 |
| 300 ## - PHYSICAL DESCRIPTION |
| Number of Pages |
1 online resource, 503 pages ; |
| Other physical details |
illustrations ; |
| 500 ## - GENERAL NOTE |
| General note |
Errata slip inserted. |
| 505 0# - FORMATTED CONTENTS NOTE |
| Formatted contents note |
Part. I. Inductive foundations of classical thermodynamics. Mathematical preliminaries: functions and differentials ; Thermodynamic description of simple fluids ; General energy concept and the First Law ; Engine efficiency, entropy, and the Second Law -- Pt. II. Gibbsian thermodynamics of chemical and phase equilibria ; Analytical criteria for thermodynamic equilibrium ; Thermodynamics of homogeneous chemical mixtures ; Thermodynamics of phase equilibria ; Thermodynamics of chemical reaction equilibria -- Pt. III. Metric geometry of equilibrium thermodynamics. Introduction to vector geometry and metric spaces ; Metric geometry of thermodynamic responses ; Geometrical representation of equilibrium thermodynamics ; Geometrical evaluation of thermodynamic derivatives ; Further aspects of thermodynamic geometry. |
| 650 #0 - SUBJECT ADDED ENTRY--TOPICAL TERM |
| Topical Term |
Thermodynamics. |
| 650 #0 - SUBJECT ADDED ENTRY--TOPICAL TERM |
| Topical Term |
Phase rule and equilibrium. |
| 650 #0 - SUBJECT ADDED ENTRY--TOPICAL TERM |
| Topical Term |
Thermodynamics |
| 650 07 - SUBJECT ADDED ENTRY--TOPICAL TERM |
| Topical Term |
Gibbssche Phasenregel. |
| 650 07 - SUBJECT ADDED ENTRY--TOPICAL TERM |
| Topical Term |
Phase (Thermodynamik) |
| 942 ## - ADDED ENTRY ELEMENTS (KOHA) |
| Koha item type |
Electronic Books |